00509 a2200181 4500020001800000020001500018020001800033040001300051100002000064245007500084250001200159260003400171300003600205500002000241650001200261700002800273700002600301 a9780470044728 a0471758019 a9780471758013 aDLCbDLC1 aResnick, Robert10aFundamentals of physicsbDavid Halliday, Robert Resnick, Jearl Walker. a8th ed. aHoboken, NJ :bWiley,cc2008. axxii, 1056 p. :bill. ;c29 cm. aIncludes index. 0aPhysics1 aResnick, Robert,d1923-1 aWalker, Jearl,d1945-